Score 0/7 Timer 03:00
0 Plays Today
Question Answer Wrong Answers
This businessman, known as the founder and face of KFC, dies in Louisville, Kentucky at the age of 90.
1980
Harland Sanders
92.8%
Dave Thomas
2.5%
Ray Kroc
1.9%
Wilber Hardee
1%
Jean-Bertrand Aristide is elected president of this Caribbean nation.
1990
Haiti
79.9%
Jamaica
10.2%
Cuba
2.1%
Barbados
6%
This volcano erupts, sending ash from Izu to Tokyo.
1707
Mount Fuji
79.6%
Mount Pinatubo
2.9%
Krakatoa
15.9%
Mount Agung
0.9%
This woman, who would become the first of Henry VIII's six wives, is born in the Kingdom of Castile.
1485
Catherine of Aragon
79.1%
Catherine Howard
6.5%
Jane Seymour
8.1%
Catherine Parr
6.2%
Oliver Cromwell is appointed to this position, which he would hold until his death in 1658.
1653
Lord Protector of the Commonwealth
76%
King of Scotland
4.1%
Prime Minister of the United Kingdom
15.1%
Earl of Sandwich
4.3%
This Buffalo Bill becomes the first NFL player to rush for 2,000 yards in a season.
1973
O.J. Simpson
68.4%
Earl Campbell
7.9%
Larry Csonka
6.3%
Walter Payton
15.8%
'Hey Joe' is released as the first single from this influential rock band.
1966
The Jimi Hendrix Experience
57.3%
Cream
6.5%
Led Zeppelin
14%
The Who
20.9%
Remove Ads.
Support Sporcle.
Get the best of Sporcle when you Go Orange. This ad-free experience offers more features, more stats, and more fun while also helping to support Sporcle. Thank you for becoming a member.

You're not logged in!

Compare scores with friends on all Sporcle quizzes.
OR
Log In

Show Comments

Extras

Top Quizzes Today


Score Distribution

Your Account Isn't Verified!

In order to create a playlist on Sporcle, you need to verify the email address you used during registration. Go to your Sporcle Settings to finish the process.

Report this User

Report this user for behavior that violates our Community Guidelines.

Details: